000 00763cam a22002293a 4500
001 32548
003 PGUSA
005 20140828083714.0
008 100526s2010||||xxu|||||s|||||000 | eng d
040 _aPGUSA
_beng
042 _adc
050 4 _aDA
100 1 _aEllenor, J. B.
245 1 0 _aRambling Recollections of Chelsea and the Surrounding District as a Village in the Early Part of the Past Century :
_bBy an Old Inhabitant
_h[electronic resource] /
_cJ. B. Ellenor
260 _bProject Gutenberg,
_c2010
506 _aPublic domain in the USA.
516 _aElectronic text
653 _aChelsea (London, England) -- History -- 19th century
830 0 _aProject Gutenberg
_v32548
856 4 0 _uhttp://www.gutenberg.org/ebooks/32548
942 _cEB
999 _c261803
_d261803